000 00305nam a22001337a 4500
008 170825b xxu||||| |||| 00| 0 eng d
020 _a9781432734848
041 _aeng
080 _a070
100 _a39
101 _aMED
245 _aA COMPLETE GUIDE TO PUBLIC SPEAKING
_cGRIPPO,J,A
942 _2udc
_cBK
999 _c25046
_d25046